Projects funded by the world bank : A handbook for preparation and implementation
محفوظ في:
| المؤلف الرئيسي: | |
|---|---|
| التنسيق: | كتاب |
| اللغة: | Undetermined |
| منشور في: |
Washington DC
The World Bank
2007
|
| الموضوعات: | |
| الوسوم: |
إضافة وسم
لا توجد وسوم, كن أول من يضع وسما على هذه التسجيلة!
|
| Thư viện lưu trữ: | Trung tâm Học liệu Trường Đại học Cần Thơ |
|---|
| LEADER | 00607nam a2200193Ia 4500 | ||
|---|---|---|---|
| 001 | CTU_238247 | ||
| 008 | 210402s9999 xx 000 0 und d | ||
| 082 | |a 332.1532 | ||
| 082 | |b W927 | ||
| 100 | |a The World Bank | ||
| 245 | 0 | |a Projects funded by the world bank : | |
| 245 | 2 | |b A handbook for preparation and implementation | |
| 245 | 4 | |c The World Bank | |
| 260 | |a Washington DC | ||
| 260 | |b The World Bank | ||
| 260 | |c 2007 | ||
| 650 | |a International Finance Corporation,Tổ chức tài chính quốc tế | ||
| 910 | |b nthai | ||
| 980 | |a Trung tâm Học liệu Trường Đại học Cần Thơ | ||